000 00455nmm a2200157Ia 4500
008 251105s9999||||xx |||||||||||||||||und||
020 _a9788499493695
041 _aspa
100 _aBoria Julián, Beatriz
245 0 _aLas aventuras de los hermanos caniche
264 _a[Madrid, España] :
_bLiber Factory,
_c2014
300 _a84 páginas
650 _aAges 6-8 Years Old
856 _uhttps://public.digitaliapublishing.com/a/87802
942 _cCF
999 _c93004
_d93004